Name the town from its Irish name? Quiz Stats

 Plays Quiz not verified by Sporcle

Support Sporcle.
Go Orange.
Score 0/20 Timer 04:00
0 Plays Today
Town in Irish Town in English % Correct
Droichead NuaNewbridge
79.5%
Maigh NuadMaynooth
73.2%
Éadan DoireEdenderry
71.6%
Cluain MealaClonmel
67%
Baile BrigínBalbriggan
66%
BiorraBirr
64.5%
Durlas ÉileThurles
56.2%
Dún BúinneDunboyne
53.9%
Baile Átha LuainAthlone
51.8%
Dún DealganDundalk
49.6%
Town in Irish Town in English % Correct
Na Clocha LiathaGreystones
48.4%
Inis CórthaidhEnniscorthy
47.8%
Cionn tSáileKinsale
43.6%
Lios TuathaiListowel
41.1%
An TulachTullow
40.8%
Baile Locha RiachLoughrea
38.6%
GuaireGorey
32%
Mainistir Fhear MaíFermoy
31.9%
Cloich na CoillteClonakilty
14.9%
Bealach FéichBallybofey
7.2%

You're not logged in!

Compare scores with friends on all Sporcle quizzes.
OR
Log In

From the Vault

Friend or Foe

by MovieGuru

Now if only there was a frenemies option...
Remove Ads.
Support Sporcle.
Get the best of Sporcle when you Go Orange. This ad-free experience offers more features, more stats, and more fun while also helping to support Sporcle. Thank you for becoming a member.

Show Comments

Extras

Created Apr 14, 2021ReportNominate
Tags:English, irish, Town

Top Quizzes Today


Score Distribution

Your Account Isn't Verified!

In order to create a playlist on Sporcle, you need to verify the email address you used during registration. Go to your Sporcle Settings to finish the process.

Report this User

Report this user for behavior that violates our Community Guidelines.

Details: